000 01153nam a2200337 i 4500
001 bg
003 KOSZ 005
005 20210212101010.0
008 050301s2004 pl a f f |001 0 pol
015 _aPB 2005/4503
020 _a8372522243
035 _a(OCoLC)749639797
040 _aWA N
_cKOSZ 005/HR
_dKOSZ 005/HR
080 _a621.798
080 _a(075.8)
100 1 _aLisińska-Kuśnierz, Małgorzata
_eAutor
245 1 0 _aPodstawy opakowalnictwa towarów /
_cMałgorzata Lisińska-Kuśnierz, Marzena Ucherek.
260 _aKraków :
_bWydaw. Akademii Ekonomicznej,
_c2004.
300 _a182 s. :
_brys. ;
_c24 cm.
336 _2rdacontent
_aTekst
_btxt
337 _2rdamedia
_aBez urządzenia pośredniczącego
_bn
338 _2rdacarrier
_aWolumin
_bnc
380 _aKsiążki.
504 _aBibliogr. s. 170-176. Indeks.
650 4 _aOpakowania
655 4 _aPodręczniki akademickie
658 _aInżynieria i technika
700 1 _aUcherek, Marzena
_d(1967-2012)
_eAutor
856 _uhttp://koha.tu.koszalin.pl/cgi-bin/koha/opac-detail.pl?biblionumber=54869
_yKatalog online BPK
942 _2UKD
_cKS
999 _c54869
_d54869